000 00593nam a2200193Ia 4500
003 GCL
008 140319s9999 xx 000 0 ara d
040 _aGCL /
_cGCL
082 0 4 _a158.2
_bف ا
100 1 _aفلوجل، جون كارل
245 1 0 _aالانسان والاخلاق والمجتمع /
_cفلوجل، جون كارل
700 1 _aعثمان نويه
490 _aالالف كتاب
_v0
650 0 4 _aعلم النفس
650 0 4 _aالعلاقات الانسانية
650 0 4 _aالشخصية
650 0 4 _aعلم النفس الاجتماعى
942 _2ddc
_cBK
999 _c40699
_d40699